000 00348pab a2200133 454500
008 180718b xxu||||| |||| 00| 0 eng d
100 _aChattopadhyay, P
245 _aPrivatisation will ensure better performance
650 _a Government Enterprise
650 _a Privatisation
650 _aRailways
773 _aBusiness Standard
909 _a21886
999 _c21886
_d21886